| 000 | 00538nam a2200157Ia 4500 | ||
|---|---|---|---|
| 008 | 151213s9999 xx 000 0 und d | ||
| 100 | _aশাহেদ রহমান। | ||
| 245 |
_aসৃুন্দর আসবে বলে। _cশাহেদ রহমান। |
||
| 250 | _a১ম সং | ||
| 260 |
_aঢাকা _bআদিয়াবাদ সাহিত্য ভবন। _c1990 |
||
| 300 | _a4453 p. | ||
| 650 | _aBangla | ||
| 650 | _aকবিতা | ||
| 700 | _aশাহেদ রহমান। | ||
| 999 |
_c2828 _d2828 |
||